[Event "I Open Ciutat de Sueca 2015"]
[Site "Sueca ESP"]
[Date "2015.07.28"]
[Round "2.14"]
[White "Crecente Penalba, Jose Manuel"]
[Black "Moll Domenech, Andreu"]
[Result "1/2-1/2"]
[WhiteElo "2153"]
[BlackElo "1886"]
[PlyCount "134"]
[EventDate "2015.07.27"]
[EventType "swiss"]
[EventRounds "8"]
[EventCountry "ESP"]
[SourceTitle "Ajedrez en Madrid"]
[Source "lmi"]
[SourceDate "2015.05.27"]

1. e4 e5 2. Nf3 Nf6 3. Nxe5 d6 4. Nf3 Nxe4 5. Nc3 Nxc3 6. dxc3 Be7 7. Bf4 O-O
8. Qd2 Nd7 9. O-O-O Nc5 10. Kb1 Bh4 11. Nxh4 Qxh4 12. g3 Qh5 13. Be2 Bg4 14.
Bxg4 Qxg4 15. Qd5 Qe6 16. Be3 Ne4 17. c4 b6 18. Rhe1 Nf6 19. Qc6 Qd7 20. Qxd7
Nxd7 21. Bd4 Rfe8 22. b4 f6 23. f4 Kf7 24. Kb2 a5 25. c3 c5 26. Bg1 Rxe1 27.
Rxe1 axb4 28. cxb4 cxb4 29. Bd4 Rc8 30. Rc1 Nc5 31. Rc2 Ra8 32. Rd2 Ke6 33.
Re2+ Kd7 34. Re3 Re8 35. Kc2 Rxe3 36. Bxe3 f5 37. Bd2 Kc6 38. Bxb4 Ne4 39. Kd3
h5 40. Kd4 g6 41. Be1 Nf6 42. Bb4 Ng4 43. h3 Nf2 44. Ke3 Ne4 45. g4 d5 46. gxf5
gxf5 47. Kd4 dxc4 48. Kxc4 Nf6 49. Kd4 Nd5 50. Bd2 Kd6 51. a4 Ke6 52. Kc4 Kd6
53. Kb5 Kc7 54. Kc4 Kc6 55. Kd4 Kd6 56. Kc4 Kc6 57. h4 Kd6 58. Kb5 Kc7 59. Be1
Kb7 60. Bd2 Kc7 61. a5 bxa5 62. Kc5 Nb4 63. Bxb4 axb4 64. Kxb4 Kd6 65. Kc4 Kc6
66. Kd4 Kd6 67. Kc4 Kc6 1/2-1/2

[Event "I Open Ciutat de Sueca 2015"]
[Site "Sueca ESP"]
[Date "2015.07.28"]
[Round "2.15"]
[White "Catala Alos, Jorge"]
[Black "Cortes Marti, Javier"]
[Result "0-1"]
[WhiteElo "1888"]
[BlackElo "2081"]
[PlyCount "50"]
[EventDate "2015.07.27"]
[EventType "swiss"]
[EventRounds "8"]
[EventCountry "ESP"]
[SourceTitle "Ajedrez en Madrid"]
[Source "lmi"]
[SourceDate "2015.05.27"]

1. d4 Nf6 2. Nf3 e6 3. Bg5 b6 4. e3 Bb7 5. Bd3 d5 6. Nbd2 Be7 7. Ne5 O-O 8. O-O
Ne4 9. Bxe7 Qxe7 10. f3 Nd6 11. f4 f6 12. Bxh7+ Kxh7 13. Qh5+ Kg8 14. Ng6 Qe8
15. Rf3 Nf7 16. Rh3 Nh6 17. g4 Nd7 18. g5 fxg5 19. fxg5 Rf5 20. Kh1 Nf8 21. Rg1
Nxg6 22. Qe2 Nf7 23. Qh5 Nfh8 24. Nf3 Qf7 25. Ne5 Rxe5 0-1

[Event "I Open Ciutat de Sueca 2015"]
[Site "Sueca ESP"]
[Date "2015.07.28"]
[Round "2.16"]
[White "Mataix Arbona, Cesar"]
[Black "Folch Zaragoza, Jose"]
[Result "1-0"]
[WhiteElo "2064"]
[BlackElo "1856"]
[PlyCount "86"]
[EventDate "2015.07.27"]
[EventType "swiss"]
[EventRounds "8"]
[EventCountry "ESP"]
[SourceTitle "Ajedrez en Madrid"]
[Source "lmi"]
[SourceDate "2015.05.27"]

1. d4 Nf6 2. Nf3 d5 3. c4 e6 4. Nc3 Nc6 5. Bg5 Be7 6. e3 Ne4 7. Nxe4 dxe4 8.
Bxe7 Qxe7 9. Nd2 f5 10. Be2 O-O 11. Qb3 Kh8 12. O-O-O a5 13. a3 b5 14. cxb5 a4
15. Qc2 Na5 16. Kb1 Bb7 17. Rc1 Rfc8 18. Qc5 Qd7 19. Qe5 Bd5 20. g4 c6 21. gxf5
exf5 22. Rhg1 Re8 23. Qg3 Re7 24. Rc5 Nb7 25. bxc6 Bxc6 26. Re5 Bd5 27. Bb5 Qd8
28. Qg5 Rf7 29. Rxf5 Qxg5 30. Rgxg5 Rxf5 31. Rxf5 Bb3 32. Bc6 Nd6 33. Bxa8 Nxf5
34. Nxb3 axb3 35. Bxe4 Nd6 36. Bd5 g5 37. a4 Kg7 38. a5 Kf6 39. a6 Nb5 40. Bxb3
Kf5 41. Bd5 Kg4 42. Bg2 h5 43. Kc2 h4 1-0

[Event "I Open Ciutat de Sueca 2015"]
[Site "Sueca ESP"]
[Date "2015.07.28"]
[Round "2.18"]
[White "Ortega Gadea, Santiago"]
[Black "Martin Ayala, David"]
[Result "1-0"]
[WhiteElo "2044"]
[BlackElo "1956"]
[PlyCount "45"]
[EventDate "2015.07.27"]
[EventType "swiss"]
[EventRounds "8"]
[EventCountry "ESP"]
[SourceTitle "Ajedrez en Madrid"]
[Source "lmi"]
[SourceDate "2015.05.27"]

1. e4 d5 2. exd5 Nf6 3. c4 c6 4. d4 cxd5 5. Nc3 Nc6 6. Nf3 Bg4 7. cxd5 Nxd5 8.
Bc4 e6 9. Qb3 Bxf3 10. gxf3 Bb4 11. a3 Qa5 12. axb4 Qxa1 13. O-O Nxd4 14. Qd1
Nc6 15. Nxd5 O-O-O 16. Qb3 exd5 17. Bd3 b5 18. Bxb5 Qb1 19. Bd3 Nd4 20. Qc3+
Kb7 21. Qxd4 Qa2 22. Be3 Qa4 23. b3 1-0

[Event "I Open Ciutat de Sueca 2015"]
[Site "Sueca ESP"]
[Date "2015.07.28"]
[Round "2.19"]
[White "Garcia Sancho, Josep"]
[Black "Frasquet Solbes, Elias"]
[Result "0-1"]
[WhiteElo "1855"]
[BlackElo "2171"]
[PlyCount "42"]
[EventDate "2015.07.27"]
[EventType "swiss"]
[EventRounds "8"]
[EventCountry "ESP"]
[SourceTitle "Ajedrez en Madrid"]
[Source "lmi"]
[SourceDate "2015.05.27"]

1. d4 g6 2. Nf3 Bg7 3. g3 c5 4. Bg2 cxd4 5. Nxd4 Nc6 6. Nxc6 bxc6 7. O-O Nf6 8.
c4 O-O 9. Nc3 Rb8 10. Qc2 Qa5 11. Bf4 d6 12. Bd2 Qh5 13. Rfd1 Bf5 14. e4 Bg4
15. Re1 Nd7 16. Rac1 Ne5 17. b3 Bh3 18. f4 Nf3+ 19. Bxf3 Qxf3 20. Be3 Bxc3 21.
Bxa7 Bxe1 0-1

[Event "I Open Ciutat de Sueca 2015"]
[Site "Sueca ESP"]
[Date "2015.07.28"]
[Round "2.21"]
[White "Sanmateu Juan, Sergio"]
[Black "Dominguez Gandia, Jose Miguel"]
[Result "1-0"]
[WhiteElo "1629"]
[BlackElo "1521"]
[PlyCount "37"]
[EventDate "2015.07.27"]
[EventType "swiss"]
[EventRounds "8"]
[EventCountry "ESP"]
[SourceTitle "Ajedrez en Madrid"]
[Source "lmi"]
[SourceDate "2015.05.27"]

1. e4 e5 2. Bc4 Nf6 3. d3 g6 4. Nc3 Bg7 5. Nge2 O-O 6. O-O c6 7. f4 d6 8. fxe5
dxe5 9. Bg5 a5 10. a3 Kh8 11. Qe1 h6 12. Qh4 Qb6+ 13. Kh1 Ng4 14. Be7 f6 15.
Bxf8 Bxf8 16. h3 g5 17. Qh5 Ne3 18. Rxf6 Nxc4 19. Rxf8+ 1-0

[Event "I Open Ciutat de Sueca 2015"]
[Site "Sueca ESP"]
[Date "2015.07.28"]
[Round "2.22"]
[White "Sancho Pascual, Emilio"]
[Black "Espasa Marti, Francisco Jose"]
[Result "0-1"]
[WhiteElo "1550"]
[BlackElo "1835"]
[PlyCount "90"]
[EventDate "2015.07.27"]
[EventType "swiss"]
[EventRounds "8"]
[EventCountry "ESP"]
[SourceTitle "Ajedrez en Madrid"]
[Source "lmi"]
[SourceDate "2015.05.27"]

1. c4 c5 2. Nc3 b6 3. Nf3 Nf6 4. e4 d6 5. d4 cxd4 6. Nxd4 e6 7. Be2 Bb7 8. Bg5
Nbd7 9. Ndb5 Qb8 10. f3 a6 11. Na3 Be7 12. O-O O-O 13. Nc2 Re8 14. b4 Qc7 15.
Rc1 Rac8 16. Ne3 Bf8 17. Kh1 g6 18. Qd2 d5 19. cxd5 exd5 20. Ncxd5 Qd6 21. a3
b5 22. Nc2 Bg7 23. Bf4 Qb6 24. Be3 Qd6 25. Bf4 Ne5 26. Rfd1 Nfd7 27. Ne1 Qe7
28. Qa2 Qf6 29. Bg3 Nb6 30. f4 Nec4 31. e5 Qf5 32. Bd3 Qd7 33. Be4 Bxd5 34.
Rxd5 Nxd5 35. Nd3 Nc7 36. Nc5 Qd2 37. Qxd2 Nxd2 38. Bb7 Nc4 39. a4 Rcd8 40. Bc6
Re7 41. Bh4 Ree8 42. Bxd8 Rxd8 43. axb5 axb5 44. h3 Bh6 45. g3 Nxe5 0-1

[Event "I Open Ciutat de Sueca 2015"]
[Site "Sueca ESP"]
[Date "2015.07.28"]
[Round "2.23"]
[White "Soler Nadal, Jose Antonio"]
[Black "La Orden Garcia, Raquel"]
[Result "1/2-1/2"]
[WhiteElo "1806"]
[BlackElo "1540"]
[PlyCount "127"]
[EventDate "2015.07.27"]
[EventType "swiss"]
[EventRounds "8"]
[EventCountry "ESP"]
[SourceTitle "Ajedrez en Madrid"]
[Source "lmi"]
[SourceDate "2015.05.27"]

1. Nf3 d5 2. d4 Nf6 3. e3 b6 4. c4 e6 5. Nc3 Be7 6. Bd3 Bb7 7. cxd5 exd5 8. O-O
O-O 9. a4 c5 10. Qe2 a6 11. b3 Nc6 12. Ba3 cxd4 13. Nxd4 Nxd4 14. exd4 Bxa3 15.
Rxa3 Qd6 16. Nb1 Rfe8 17. Qd2 Ne4 18. Qb2 Rac8 19. b4 Rc7 20. f3 Nf6 21. Rc3
Rce7 22. a5 Qf4 23. Qf2 Re3 24. Rd1 g6 25. Bf1 Rxc3 26. Nxc3 bxa5 27. bxa5 Qc7
28. Qb2 Qxa5 29. Qxb7 Qxc3 30. Qxa6 Qe3+ 31. Kh1 Re6 32. Qd3 Qxd3 33. Rxd3 Kf8
34. Kg1 Ke7 35. Kf2 Rd6 36. Ra3 h6 37. Ra7+ Rd7 38. Rxd7+ Kxd7 39. h4 h5 40.
Ke3 Ke6 41. Ba6 Ne8 42. g4 Nd6 43. Be2 f6 44. Kf4 Nf7 45. gxh5 gxh5 46. Bd3 Nh8
47. Bh7 Kf7 48. Bc2 Ng6+ 49. Kg3 Ne7 50. Bd3 Nc6 51. f4 Nxd4 52. f5 Ke7 53. Kf4
Kd6 54. Bb1 Nc6 55. Bd3 Kc5 56. Be2 d4 57. Bxh5 Kc4 58. Bd1 Ne7 59. h5 Ng8 60.
Ke4 d3 61. Ke3 Nh6 62. Ke4 Ng8 63. Ba4 Nh6 64. Bd1 1/2-1/2

[Event "I Open Ciutat de Sueca 2015"]
[Site "Sueca ESP"]
[Date "2015.07.28"]
[Round "2.24"]
[White "Sanchis, Fernand"]
[Black "Carmona Huertas, Juan Antonio"]
[Result "1-0"]
[WhiteElo "1525"]
[BlackElo "1801"]
[PlyCount "105"]
[EventDate "2015.07.27"]
[EventType "swiss"]
[EventRounds "8"]
[EventCountry "ESP"]
[SourceTitle "Ajedrez en Madrid"]
[Source "lmi"]
[SourceDate "2015.05.27"]

1. e4 c5 2. Nf3 e6 3. d4 cxd4 4. Nxd4 a6 5. Nc3 Qc7 6. Be2 Nf6 7. O-O b5 8. a3
Bb7 9. Bf3 e5 10. Nde2 d6 11. Ng3 h6 12. Re1 Nc6 13. Be3 Na5 14. Nd5 Nxd5 15.
exd5 Nc4 16. Bc1 g6 17. b3 Nb6 18. Be3 Bg7 19. Rb1 f5 20. Nf1 O-O 21. Bxb6 Qxb6
22. c4 Rfc8 23. Qd2 Kh7 24. g3 a5 25. a4 b4 26. Qe2 Re8 27. Bg2 Re7 28. Nd2
Rae8 29. Rf1 e4 30. Rbd1 Bd4 31. Kh1 Bc5 32. Bh3 e3 33. Nf3 exf2 34. Qc2 Re2
35. Qb1 R8e3 36. Bg2 Re7 37. Bh3 Bc8 38. Kg2 Qd8 39. Kh1 f4 40. Bxc8 Qxc8 41.
Kg2 Qg4 42. Rd2 fxg3 43. h3 Qf4 44. Rxe2 Rxe2 45. Qd1 Re3 46. h4 Rxb3 47. Qxb3
g5 48. Qd3+ Kg7 49. hxg5 hxg5 50. Rh1 Kf7 51. Qh7+ Ke8 52. Qg6+ Qf7 53. Rh8+
1-0

[Event "I Open Ciutat de Sueca 2015"]
[Site "Sueca ESP"]
[Date "2015.07.28"]
[Round "2.25"]
[White "Villanueva Claramonte, Ramon"]
[Black "Porras Boronat, German"]
[Result "1-0"]
[WhiteElo "1793"]
[BlackElo "1402"]
[PlyCount "73"]
[EventDate "2015.07.27"]
[EventType "swiss"]
[EventRounds "8"]
[EventCountry "ESP"]
[SourceTitle "Ajedrez en Madrid"]
[Source "lmi"]
[SourceDate "2015.05.27"]

1. d4 d5 2. Nf3 Nf6 3. c4 c6 4. Nc3 Bf5 5. e3 e6 6. Be2 Be7 7. Nh4 O-O 8. Nxf5
exf5 9. Qb3 Qb6 10. Qxb6 axb6 11. cxd5 Nxd5 12. Nxd5 cxd5 13. Bd2 Nc6 14. a3
Bb4 15. Bxb4 Nxb4 16. Rc1 Nc6 17. Rc3 Rfc8 18. O-O Na5 19. Rfc1 Rxc3 20. Rxc3
Nc6 21. Rb3 Rc8 22. Rxb6 Na5 23. g3 Rc1+ 24. Kg2 g6 25. Rb5 Nc4 26. Bxc4 dxc4
27. Rxb7 c3 28. bxc3 Rxc3 29. a4 Ra3 30. Ra7 Kf8 31. a5 Ra2 32. a6 Ke8 33. Ra8+
Ke7 34. a7 h5 35. d5 Ra6 36. d6+ Rxd6 37. Rb8 1-0

[Event "I Open Ciutat de Sueca 2015"]
[Site "Sueca ESP"]
[Date "2015.07.28"]
[Round "2.26"]
[White "Gutierrez Posada, David"]
[Black "Albert Garrote, Amadeo"]
[Result "1-0"]
[WhiteElo "1391"]
[BlackElo "1788"]
[PlyCount "55"]
[EventDate "2015.07.27"]
[EventType "swiss"]
[EventRounds "8"]
[EventCountry "ESP"]
[SourceTitle "Ajedrez en Madrid"]
[Source "lmi"]
[SourceDate "2015.05.27"]

1. d4 d5 2. c4 c6 3. Nf3 Nf6 4. Bg5 Ne4 5. Bh4 Qa5+ 6. Nfd2 dxc4 7. Qc2 Nd6 8.
Nc3 Na6 9. a3 Nb4 10. Qc1 Nd5 11. e4 Nxc3 12. bxc3 b5 13. Be2 g6 14. O-O Bg7
15. Bf3 Bb7 16. Qc2 Qc7 17. Bg3 O-O 18. h4 a5 19. h5 Qd8 20. Bg4 Bc8 21. Bf3
Qb6 22. Rfe1 Be6 23. d5 cxd5 24. exd5 Bf5 25. Be4 Nxe4 26. Nxe4 Rfe8 27. hxg6
hxg6 28. Rad1 1-0

[Event "I Open Ciutat de Sueca 2015"]
[Site "Sueca ESP"]
[Date "2015.07.28"]
[Round "2.27"]
[White "Agullo Valcarcel, Carlos"]
[Black "Puig Perez, Jordi"]
[Result "1-0"]
[WhiteElo "1719"]
[BlackElo "1360"]
[PlyCount "71"]
[EventDate "2015.07.27"]
[EventType "swiss"]
[EventRounds "8"]
[EventCountry "ESP"]
[SourceTitle "Ajedrez en Madrid"]
[Source "lmi"]
[SourceDate "2015.05.27"]

1. Nc3 e5 2. Nf3 Nc6 3. d4 exd4 4. Nxd4 Bc5 5. Nxc6 bxc6 6. Ne4 Bb6 7. Bg5 f6
8. Bd2 d5 9. Ng3 Ne7 10. e4 O-O 11. Bd3 Re8 12. O-O Bb7 13. Qh5 c5 14. exd5
Qxd5 15. Qxh7+ Kf8 16. Be4 Qxd2 17. Bxb7 Rab8 18. Ba6 Qg5 19. Rad1 Qg6 20. Qh8+
Ng8 21. Bc4 Re5 22. Qxg8+ Ke7 23. Qxb8 c6 24. Qb7+ Kf8 25. Qxc6 Ke7 26. Rd7+
Kf8 27. Qd6+ Ke8 28. Bf7+ Qxf7 29. Rxf7 Kxf7 30. c4 g5 31. Nh5 Re6 32. Qd5 Ke7
33. Rd1 Re5 34. Qd7+ Kf8 35. Qg7+ Ke8 36. Nxf6# 1-0

[Event "I Open Ciutat de Sueca 2015"]
[Site "Sueca ESP"]
[Date "2015.07.28"]
[Round "2.28"]
[White "Linares Carrasquer, Jordi"]
[Black "Galvan Cipriani, Viviana"]
[Result "0-1"]
[WhiteElo "1352"]
[BlackElo "1698"]
[PlyCount "80"]
[EventDate "2015.07.27"]
[EventType "swiss"]
[EventRounds "8"]
[EventCountry "ESP"]
[SourceTitle "Ajedrez en Madrid"]
[Source "lmi"]
[SourceDate "2015.05.27"]

1. e4 c5 2. Nf3 Nc6 3. Bb5 g6 4. Bxc6 bxc6 5. d4 Bg7 6. O-O cxd4 7. Nxd4 c5 8.
Nf3 d6 9. h3 Nf6 10. Re1 Nd7 11. Nc3 O-O 12. Be3 Rb8 13. Qc1 Re8 14. Rb1 Nb6
15. Nd5 Nc4 16. b3 Nxe3 17. Qxe3 Bb7 18. c4 Qa5 19. Qd2 Qxd2 20. Nxd2 Bxd5 21.
exd5 Rb6 22. Nf3 Ra6 23. Re2 h6 24. Nd2 Rxa2 25. Kf1 Kf8 26. Rbe1 Rxd2 27. Rxd2
Bc3 28. Red1 Bxd2 29. Rxd2 Rb8 30. Rb2 a5 31. Ra2 Rxb3 32. Rxa5 Rb4 33. Ra8+
Kg7 34. Ra7 Kf6 35. Ke2 Rxc4 36. Ra3 Rd4 37. Rd3 Ke5 38. Re3+ Re4 39. Kd3 Rxe3+
40. fxe3 Kxd5 0-1

[Event "I Open Ciutat de Sueca 2015"]
[Site "Sueca ESP"]
[Date "2015.07.28"]
[Round "2.29"]
[White "Castello Castello, Juan Jose"]
[Black "Iborra Fabra, Ramon"]
[Result "1-0"]
[WhiteElo "1672"]
[BlackElo "1339"]
[PlyCount "82"]
[EventDate "2015.07.27"]
[EventType "swiss"]
[EventRounds "8"]
[EventCountry "ESP"]
[SourceTitle "Ajedrez en Madrid"]
[Source "lmi"]
[SourceDate "2015.05.27"]

1. c4 Nf6 2. Nc3 g6 3. g3 d6 4. Bg2 Bg7 5. Nf3 O-O 6. O-O e5 7. d3 Re8 8. Rb1
c6 9. Bg5 Qe7 10. Qc1 Qf8 11. Qc2 Nbd7 12. b4 d5 13. e4 d4 14. Ne2 c5 15. a3 a5
16. Bd2 b6 17. Nh4 Qd6 18. Rb2 Nb8 19. f4 Bg4 20. fxe5 Qe6 21. exf6 Bxe2 22.
Rf2 Bxf6 23. Rxe2 Ra7 24. b5 Nd7 25. Nf3 Ne5 26. Nxe5 Bxe5 27. Rf2 Rf8 28. Bh6
Bg7 29. Bxg7 Kxg7 30. Qe2 Qe5 31. Qf3 f5 32. Rb1 Raf7 33. Qe2 f4 34. g4 Qg5 35.
Qf3 h5 36. h3 hxg4 37. Qxg4 Qxg4 38. hxg4 f3 39. Bh3 g5 40. Kh2 Kf6 41. Rbf1
Ke5 1-0

[Event "I Open Ciutat de Sueca 2015"]
[Site "Sueca ESP"]
[Date "2015.07.28"]
[Round "2.30"]
[White "Jimenez Hernandez, Jose"]
[Black "Rubio Tent, Pedro"]
[Result "0-1"]
[WhiteElo "1335"]
[BlackElo "1665"]
[PlyCount "56"]
[EventDate "2015.07.27"]
[EventType "swiss"]
[EventRounds "8"]
[EventCountry "ESP"]
[SourceTitle "Ajedrez en Madrid"]
[Source "lmi"]
[SourceDate "2015.05.27"]

1. e4 c5 2. Nc3 Nc6 3. Bc4 e6 4. f4 Nge7 5. d3 d5 6. Bb5 d4 7. Bxc6+ Nxc6 8.
Nce2 e5 9. f5 Be7 10. Nf3 O-O 11. Bd2 b6 12. c4 dxc3 13. Bxc3 Qd6 14. Nc1 Ba6
15. a3 Rad8 16. Ke2 Rd7 17. Qd2 Rfd8 18. Rd1 c4 19. Ne1 Nd4+ 20. Kf1 cxd3 21.
Ncxd3 Nb3 22. Qe3 Nxa1 23. Bb4 Qf6 24. Qe2 Bxb4 25. axb4 Nb3 26. h3 Rxd3 27.
Nxd3 Nc1 28. Qe3 Rxd3 0-1

[Event "I Open Ciutat de Sueca 2015"]
[Site "Sueca ESP"]
[Date "2015.07.28"]
[Round "2.31"]
[White "Raro Gualda, Javier"]
[Black "Bartroli Tejada, Marc"]
[Result "1-0"]
[WhiteElo "1658"]
[BlackElo "1280"]
[PlyCount "89"]
[EventDate "2015.07.27"]
[EventType "swiss"]
[EventRounds "8"]
[EventCountry "ESP"]
[SourceTitle "Ajedrez en Madrid"]
[Source "lmi"]
[SourceDate "2015.05.27"]

1. e4 e5 2. Nf3 d6 3. d4 Be7 4. dxe5 dxe5 5. Qxd8+ Bxd8 6. Nxe5 Nf6 7. Nc3 O-O
8. Bc4 Nbd7 9. Nxd7 Nxd7 10. Be3 c6 11. O-O b5 12. Be2 Bb6 13. Bxb6 axb6 14. a3
g6 15. f4 Nc5 16. Bf3 Ba6 17. Rfd1 Rfd8 18. e5 Bb7 19. g3 Ne6 20. Nxb5 cxb5 21.
Bxb7 Rab8 22. Bg2 Nd4 23. Be4 Rbc8 24. Kf1 Kg7 25. Rac1 Rc4 26. c3 Nb3 27. Rxd8
Nxc1 28. Bc2 b4 29. axb4 Rc7 30. Rd1 Na2 31. Bb3 Nxc3 32. bxc3 Rxc3 33. Rb1
Rf3+ 34. Ke2 Rc3 35. Rb2 Rc1 36. Bd5 Rc7 37. b5 Re7 38. Kf3 Rd7 39. Ke4 Re7 40.
Rc2 f5+ 41. Kd4 Ra7 42. Ra2 Rxa2 43. Bxa2 Kf8 44. Kd5 Ke7 45. Kc6 1-0

[Event "I Open Ciutat de Sueca 2015"]
[Site "Sueca ESP"]
[Date "2015.07.28"]
[Round "2.32"]
[White "Egea Herrero, Albert"]
[Black "Carbonell Sancho, Marc"]
[Result "0-1"]
[WhiteElo "1267"]
[BlackElo "1656"]
[PlyCount "86"]
[EventDate "2015.07.27"]
[EventType "swiss"]
[EventRounds "8"]
[EventCountry "ESP"]
[SourceTitle "Ajedrez en Madrid"]
[Source "lmi"]
[SourceDate "2015.05.27"]

1. e4 d6 2. d4 g6 3. Nf3 Bg7 4. Nc3 Nd7 5. Bc4 e6 6. O-O Ne7 7. Be3 O-O 8. Qd2
e5 9. d5 a6 10. a3 b6 11. Rfe1 f5 12. exf5 gxf5 13. Qe2 f4 14. Bd2 Nf6 15. Rad1
Ng6 16. Ne4 Nxe4 17. Qxe4 Bf5 18. Qe2 e4 19. c3 exf3 20. Qxf3 Qg5 21. Bf1 Bg4
22. Qd3 Bxd1 23. Rxd1 Ne5 24. Qh3 Qf5 25. Qh4 Ng6 26. Qh3 Qxh3 27. gxh3 a5 28.
Kh1 Rae8 29. Bc1 Re5 30. c4 Rfe8 31. Kg1 Re1 32. Rxe1 Rxe1 33. Bd2 Re7 34. b3
Bb2 35. a4 Ba3 36. Bc3 Kf7 37. Ba1 f3 38. Bd4 Bc5 39. Bc3 Nf4 40. h4 Bb4 41.
Bxb4 axb4 42. h5 Re1 43. h6 Ne2+ 0-1

[Event "I Open Ciutat de Sueca 2015"]
[Site "Sueca ESP"]
[Date "2015.07.28"]
[Round "2.33"]
[White "Riddoch, Alan"]
[Black "Follana Albelda, Lucia"]
[Result "1-0"]
[WhiteElo "1650"]
[BlackElo "1129"]
[PlyCount "73"]
[EventDate "2015.07.27"]
[EventType "swiss"]
[EventRounds "8"]
[EventCountry "ESP"]
[SourceTitle "Ajedrez en Madrid"]
[Source "lmi"]
[SourceDate "2015.05.27"]

1. e4 d5 2. e5 Nc6 3. d4 Bf5 4. Nf3 e6 5. Nc3 Bb4 6. Bd2 Nge7 7. a3 Ba5 8. b4
Bb6 9. Be3 O-O 10. Bd3 Bxd3 11. Qxd3 h6 12. O-O a6 13. h3 Ba7 14. Nh2 Nf5 15.
Ng4 Nxe3 16. fxe3 b5 17. Rf3 Qd7 18. Raf1 Ne7 19. Rg3 Ng6 20. Rf6 Qe8 21. Ne2
Bb6 22. Nf4 Kh7 23. h4 h5 24. Nxh5 Qc6 25. Rf2 Qc4 26. Qd1 a5 27. Nf4 Rh8 28.
Nf6+ gxf6 29. Qh5+ Kg7 30. Rxg6+ fxg6 31. Qxg6+ Kf8 32. Qxf6+ Ke8 33. Qxh8+ Kd7
34. Qxa8 Qc3 35. Nd3 Qa1+ 36. Rf1 Qxa3 37. Rf7# 1-0

[Event "I Open Ciutat de Sueca 2015"]
[Site "Sueca ESP"]
[Date "2015.07.28"]
[Round "2.34"]
[White "Castello Gadea, David"]
[Black "Vigliaroli, Matteo Luigi"]
[Result "0-1"]
[WhiteElo "1218"]
[BlackElo "1637"]
[PlyCount "70"]
[EventDate "2015.07.27"]
[EventType "swiss"]
[EventRounds "8"]
[EventCountry "ESP"]
[SourceTitle "Ajedrez en Madrid"]
[Source "lmi"]
[SourceDate "2015.05.27"]

1. b3 d5 2. Bb2 c5 3. Nf3 Bf5 4. e3 e6 5. Bd3 Bxd3 6. cxd3 Nf6 7. d4 Nbd7 8.
O-O Bd6 9. Ne5 cxd4 10. Nxd7 Nxd7 11. Bxd4 Nf6 12. Bxf6 Qxf6 13. Nc3 a6 14. Ne2
O-O 15. d4 Ba3 16. Nc3 Bb2 17. Na4 Bxa1 18. Qxa1 Qd8 19. Rc1 Rc8 20. Nc5 Rc7
21. Rc3 Qe7 22. Rd3 Rfc8 23. g3 b6 24. b4 bxc5 25. bxc5 Qf6 26. Qc3 Qf3 27. e4
Qxe4 28. Qa3 e5 29. f3 Qe1+ 30. Kg2 exd4 31. Rxd4 Rxc5 32. Qd3 Qe6 33. g4 Rc2+
34. Kh3 Qh6+ 35. Kg3 Qxh2# 0-1

[Event "I Open Ciutat de Sueca 2015"]
[Site "Sueca ESP"]
[Date "2015.07.28"]
[Round "2.36"]
[White "Gordillo Garcia, Ignacio"]
[Black "Botella Brandt, Rafael"]
[Result "1-0"]
[WhiteElo "1613"]
[BlackElo "1838"]
[PlyCount "81"]
[EventDate "2015.07.27"]
[EventType "swiss"]
[EventRounds "8"]
[EventCountry "ESP"]
[SourceTitle "Ajedrez en Madrid"]
[Source "lmi"]
[SourceDate "2015.05.27"]

1. d4 d5 2. Nf3 e6 3. c4 h6 4. Nc3 Nf6 5. Bf4 Bb4 6. Rc1 Ne4 7. a3 Nxc3 8. bxc3
Bxa3 9. Qa4+ Nd7 10. Qxa3 c5 11. Bd6 Nb6 12. Bxc5 Nxc4 13. Qb3 Qc7 14. e3 e5
15. Bxc4 dxc4 16. Qc2 exd4 17. Qe4+ Be6 18. exd4 O-O-O 19. O-O Bd5 20. Qg4+ Kb8
21. Qg3 b6 22. Qxc7+ Kxc7 23. Ba3 f6 24. Rfe1 Rhg8 25. Re7+ Kb8 26. Rce1 g5 27.
Rh7 g4 28. Nh4 Rge8 29. Rxe8 Rxe8 30. Re7 Rxe7 31. Bxe7 Kc7 32. Nf5 Be4 33. Ne3
Bd3 34. Nxg4 Kc6 35. Nxf6 Kb5 36. d5 Ka4 37. d6 Bf5 38. d7 Bxd7 39. Nxd7 Kb3
40. Nxb6 axb6 41. Bb4 1-0

[Event "I Open Ciutat de Sueca 2015"]
[Site "Sueca ESP"]
[Date "2015.07.29"]
[Round "3.1"]
[White "Torres Sanchez, Jose"]
[Black "Valmana Canto, Jaime"]
[Result "0-1"]
[WhiteElo "2286"]
[BlackElo "2416"]
[PlyCount "82"]
[EventDate "2015.07.27"]
[EventType "swiss"]
[EventRounds "8"]
[EventCountry "ESP"]
[SourceTitle "Ajedrez en Madrid"]
[Source "lmi"]
[SourceDate "2015.05.27"]

1. e4 e6 2. d4 d5 3. Nd2 c5 4. exd5 Qxd5 5. Ngf3 Nf6 6. Bc4 Qd6 7. dxc5 Qxc5 8.
O-O Be7 9. b4 Qxb4 10. Rb1 Qc5 11. Re1 a6 12. a4 O-O 13. Qe2 Nbd7 14. Rb3 Qa5
15. Nd4 Nb6 16. Bb2 Nxc4 17. Nxc4 Qh5 18. Qd2 Nd5 19. Rh3 Qg5 20. Qd3 Qg6 21.
Qf3 f6 22. Nxe6 Bxe6 23. Rxe6 Rfd8 24. Rg3 Qxc2 25. h3 Bf8 26. Nb6 Nxb6 27.
Rxb6 Qd1+ 28. Kh2 Bd6 29. Rxd6 Qxd6 30. Qxb7 g6 31. Qb3+ Kg7 32. Ba3 Qb8 33.
Qe6 Qe5 34. Qb6 Rd7 35. Bc1 Qd6 36. Qb3 Rb8 37. Qe3 Kg8 38. f4 Re7 39. Qc3 Rc7
40. Qe3 Qe7 41. Qd3 Rxc1 0-1

[Event "I Open Ciutat de Sueca 2015"]
[Site "Sueca ESP"]
[Date "2015.07.29"]
[Round "3.2"]
[White "Garcia, Jhoel"]
[Black "Fos Santacreu, Juan Andres"]
[Result "1-0"]
[WhiteElo "2336"]
[BlackElo "2286"]
[PlyCount "119"]
[EventDate "2015.07.27"]
[EventType "swiss"]
[EventRounds "8"]
[EventCountry "ESP"]
[SourceTitle "Ajedrez en Madrid"]
[Source "lmi"]
[SourceDate "2015.05.27"]

1. g3 e5 2. c4 Nc6 3. Bg2 g6 4. Nc3 Bg7 5. e3 Nf6 6. Rb1 d6 7. b4 O-O 8. b5 Ne7
9. d3 a6 10. a4 axb5 11. axb5 Bg4 12. Nge2 Qc8 13. h3 Be6 14. e4 Nd7 15. Nd5
Bxd5 16. cxd5 b6 17. O-O Nc5 18. f4 f5 19. fxe5 dxe5 20. Be3 Nb7 21. Qc2 Nd6
22. d4 Qd7 23. dxe5 Bxe5 24. exf5 Nexf5 25. Bf2 Ra3 26. g4 Ne3 27. Bxe3 Rxf1+
28. Rxf1 Rxe3 29. Nf4 Bxf4 30. Rxf4 Qe7 31. Qf2 Re2 32. Qd4 Nxb5 33. d6 Rxg2+
34. Kxg2 Nxd6 35. Qd5+ Kg7 36. Rf2 b5 37. Qc6 Nc4 38. Qxb5 Qe4+ 39. Kh2 Kh6 40.
Qc5 Ne5 41. Qf8+ Kg5 42. Qf6+ Kh6 43. Qh4+ Kg7 44. Qe7+ Kh6 45. Qf8+ Kg5 46.
Qf6+ Kh6 47. Qf4+ Qxf4+ 48. Rxf4 Kg5 49. Kg3 Kh6 50. Re4 Nd3 51. Re7 c5 52. h4
g5 53. h5 c4 54. Rc7 Ne5 55. Rc5 Nf7 56. Rxc4 Ne5 57. Ra4 Nd3 58. Ra5 Ne1 59.
Kf2 Nc2 60. Ra4 1-0